书目信息 |
| 题名: |
传统道德与当代人生
|
|
| 作者: | 郭齐勇 著 | |
| 分册: | ||
| 出版信息: | 武汉 武汉大学出版社 1998.02 |
|
| 页数: | 224页 | |
| 开本: | 20cm | |
| 丛书名: | ||
| 单 册: | ||
| 中图分类: | B82-092 | |
| 科图分类: | ||
| 主题词: | 伦理学 | |
| 电子资源: | ||
| ISBN: | 7-307-02555-8 | |
| 000 | 00557nam0 2200193 450 | |
| 001 | 0536644730 | |
| 005 | 20051018101044.71 | |
| 010 | @a7-307-02555-8@dCNY 8.50 | |
| 100 | @a20051018d1998 km y0chiy0120 ea | |
| 101 | 0 | @achi |
| 102 | @aCN@b420000 | |
| 200 | 1 | @a传统道德与当代人生@Achuan tong dao de yu dang dai ren sheng@f郭齐勇著@Fguo qi yong zhu |
| 210 | @a武汉@c武汉大学出版社@d1998.02 | |
| 215 | @a224页@d20cm | |
| 606 | 0 | @a伦理学 |
| 690 | @aB82-092@v3 | |
| 701 | 0 | @a郭齐勇@Aguo qi yong@4著 |
| 801 | 0 | @aCN@bPFT@c20051018 |
| 905 | @a10447@dB82-092@eG922 | |
| 传统道德与当代人生/郭齐勇著.-武汉:武汉大学出版社,1998.02 |
| 224页;20cm |
| ISBN 7-307-02555-8:CNY 8.50 |
| ● |
| 相关链接 |
|
|
|
正题名:传统道德与当代人生
索取号:B82-092/G922
 
预约/预借
| 序号 | 登录号 | 条形码 | 馆藏地/架位号 | 状态 | 备注 |
| 1 | 65413 | 200654130 | 社科库509/509社科库 21排2列6层/ [索取号:B82-092/G922] | 在馆 | |
| 2 | 65414 | 200654149 | 社科库509/509社科库 21排2列6层/ [索取号:B82-092/G922] | 在馆 | |
| 3 | 65415 | 200654158 | 社科库509/ [索取号:B82-092/G922] | 在馆 | |
| 4 | 65416 | 200654167 | 社科库509/409社科库 10排3列5层/ [索取号:B82-092/G922] | 在馆 | |
| 5 | 65417 | 200654176 | 社科库509/504自科库 8排2列2层/ [索取号:B82-092/G922] | 在馆 |